Statistics for The Dinosaur Quiz

Click here to take the quiz!

General Stats

  • This quiz has been taken 26 times
  • The average score is 35 of 117

Answer Stats

# of Google HitsFamilyAnswer% Correct
43,700,000TyrannosauridaeTyrannosaurus
100%
12,400,000StegosauridaeStegosaurus
95%
12,700,000BrachiosauridaeBrachiosaurus
89%
15,800,000SpinosauridaeSpinosaurus
89%
11,000,000AllosauridaeAllosaurus
79%
27,900,000CeratopsidaeTriceratops
79%
44,400,000DromaeosauridaeVelociraptor
79%
8,650,000AnkylosauridaeAnkylosaurus
74%
10,500,000DiplodocidaeDiplodocus
74%
4,150,000TroodontidaeTroodon
68%
4,820,000DiplodocidaeApatosaurus
63%
6,000,000HadrosauridaeParasaurolophus
63%
5,120,000SpinosauridaeBaryonyx
58%
1,360,000MegalosauridaeMegalosaurus
58%
1,720,000OviraptoridaeOviraptor
58%
4,140,000PachycephalosauridaePachycephalosaurus
58%
8,270,000DiplodocidaeBrontosaurus
53%
3,950,000CeratosauridaeCeratosaurus
53%
3,620,000TherizinosauridaeTherizinosaurus
53%
2,860,000DromaeosauridaeUtahraptor
53%
6,510,000TyrannosauridaeAlbertosaurus
47%
1,940,000CarcharodontosauridaeCarcharodontosaurus
47%
6,830,000AbelisauridaeCarnotaurus
47%
3,350,000OrnithomimidaeGallimimus
47%
7,160,000CarcharodontosauridaeGiganotosaurus
47%
1,050,000HadrosauridaeHadrosaurus
47%
516,000HerrerasauridaeHerrerasaurus
47%
1,680,000StegosauridaeKentrosaurus
47%
413,000OrnithomimidaeOrnithomimus
47%
1,210,000SpinosauridaeSuchomimus
47%
2,540,000TyrannosauridaeTarbosaurus
47%
902,000CamarasauridaeCamarasaurus
42%
2,620,000CompsognathidaeCompsognathus
42%
5,380,000DromaeosauridaeDeinonychus
42%
1,400,000HadrosauridaeEdmontosaurus
42%
445,000MegaraptoridaeMegaraptor
42%
1,130,000ProtoceratopsidaeProtoceratops
42%
531,000CeratopsidaeTorosaurus
42%
1,660,000CarcharodontosauridaeAcrocanthosaurus
37%
597,000DicraeosauridaeAmargasaurus
37%
1,070,000CoelophysidaeCoelophysis
37%
436,000PlateosauridaePlateosaurus
37%
2,530,000CeratopsidaeStyracosaurus
37%
612,000HadrosauridaeCorythosaurus
32%
903,000TyrannosauridaeGorgosaurus
32%
296,000HadrosauridaeLambeosaurus
32%
392,000MamenchisauridaeMamenchisaurus
32%
390,000PsittacosauridaePsittacosaurus
32%
144,000SaltasauridaeSaltasaurus
32%
619,000PachycephalosauridaeStygimoloch
32%
127,000AbelisauridaeAbelisaurus
26%
1,370,000Uncertain (Macronaria)Argentinosaurus
26%
378,000TyrannosauridaeDaspletosaurus
26%
173,000DromaeosauridaeDromaeosaurus
26%
453,000AbelisauridaeMajungasaurus
26%
132,000ProceratosauridaeProceratosaurus
26%
579,000DromaeosauridaePyroraptor
26%
211,000OrnithomimidaeStruthiomimus
26%
357,000DeinocheiridaeDeinocheirus
21%
8,050,000Uncertain (Neotheropoda)Dilophosaurus
21%
108,000DryosauridaeDryosaurus
21%
490,000AnkylosauridaeEuoplocephalus
21%
5,340,000IguanodontidaeIguanadon
21%
172,000MetriacanthosauridaeMetriacanthosaurus
21%
1,140,000DromaeosauridaeMicroraptor
21%
811,000CeratopsidaePachyrhinosaurus
21%
468,000CeratopsidaePentaceratops
21%
111,000Uncertain (Iguanodontia)Tenontosaurus
21%
138,000TyrannosauridaeAlioramus
16%
279,000CeratopsidaeCentrosaurus
16%
257,000CeratopsidaeChasmosaurus
16%
689,000Uncertain (Neotheropoda)Cryolophosaurus
16%
112,000NodosauridaeEdmontonia
16%
180,000CeratopsidaeEiniosaurus
16%
262,000Uncertain (Saurischia)Eoraptor
16%
743,000ProceratosauridaeGuanlong
16%
548,000HypsiliphodontidaeHypsilophodon
16%
251,000SpinosauridaeIrritator
16%
333,000SaturnaliidaeSaturnalia
16%
131,000NodosauridaeSauropelta
16%
106,000PachycephalosauridaeStegoceras
16%
281,000MegalosauridaeTorvosaurus
16%
236,000DiplodocidaeBarosaurus
11%
245,000CetiosauridaeCetiosaurus
11%
114,000HeterodontosauridaeHeterodontosaurus
11%
700,000HadrosauridaeMaiasaura
11%
145,000RebbachisauridaeNigersaurus
11%
158,000AnkylosauridaeSaichania
11%
213,000HadrosauridaeSaurolophus
11%
116,000AllosauridaeSaurophaganax
11%
168,000DiplodocidaeSupersaurus
11%
1,080,000Uncertain (Macronaria)Titanosaurus
11%
226,000MetriacanthosauridaeYangchuanosaurus
11%
327,000SaltasauridaeAlamosaurus
5%
223,000Uncertain (Anchisauria)Anchisaurus
5%
101,000CaudipteridaeCaudipteryx
5%
117,000CoeluridaeCoelurus
5%
768,000NodosauridaeGastonia
5%
140,000PachycephalosauridaeHomalocephale
5%
108,000NoasauridaeMasiakasaurus
5%
371,000Uncertain (Theropoda)Monolophosaurus
5%
451,000Uncertain (Theropoda)Ornitholestes
5%
238,000Uncertain (Hadrosauromorpha)Ouranosaurus
5%
121,000NodosauridaePolacanthus
5%
155,000Uncertain (Macronaria)Sauroposeidon
5%
190,000Uncertain (Genasauria)Scelidosaurus
5%
113,000CompsognathidaeSinosauropteryx
5%
105,000CeratopsidaeZuniceratops
5%
131,000Uncertain (Ankylopollexia)Camptosaurus
0%
654,000CeratopsidaeCeratops
0%
167,000OviraptoridaeCitipati
0%
335,000Uncertain (Hadrosauromorpha)Claosaurus
0%
220,000NodosauridaeHylaeosaurus
0%
157,000HadrosauridaeHypacrosaurus
0%
130,000Uncertain (Macronaria)Janenschia
0%
242,000Uncertain (Ankylopollexia)Jobaria
0%
146,000DromaeosauridaeVariraptor
0%

Score Distribution

Percentile by Number Answered

Percent of People with Each Score

Your Score History

You have not taken this quiz